zpět

Detail výsledku týmu

Be Friendly, Praha

Datum a čas kvízu

27 Celkem bodů Celkový počet nahraných bodů na tomto kvízu bez doplňovacích otázek.
7. Pořadí na kvízu Konečné umístění týmu na tomto kvízu.

Zaznamenané odpovědi

# Otázka Odpověď Body Výsledky
1. Jak se nazývá šelma, která ve... 1
2. V obci Sklené Teplice na střed... 0
3. Slavnostním pochodem v histori... 0
4. Český premiér při rozhovoru pr... 1
5. Obhájce titulu mistrů světa ve... 1
6. Předminulý týden (21. června)... 1
7. První červencový týden tradičn... 1
8. Oblíbenou letní událostí jsou... 1
9. Napište jméno zpěvačky a název... 1
10. Začátek léta má řada sportovní... 0